000
00286nam a22001337a 4500
008
170622b xxu||||| |||| 00| 0 eng d
020
_a
9781586480394
041
_a
eng
080
_a
94
100
_a
16
101
_a
SHH
245
_a
THE GREATEST THREAT
_c
BUTLER,R
942
_2
udc
_c
BK
999
_c
18588
_d
18588